Endgame in South Africa?: the changing structures and idelogy of apartheid
Uloženo v:
| Hlavní autor: | |
|---|---|
| Médium: | Kniha |
| Jazyk: | angličtina |
| Vydáno: |
Londres
James Currey
1986
|
| Edice: | Books in African studies
|
| Témata: | |
| Tagy: |
Přidat tag
Žádné tagy, Buďte první, kdo vytvoří štítek k tomuto záznamu!
|
MARC
| LEADER | 00000nam a2200000 a 4500 | ||
|---|---|---|---|
| 001 | UCX7373 | ||
| 003 | CL-VaPUC | ||
| 008 | 931206e19860000UK |||||||||||||||||eng|d | ||
| 082 | 0 | 4 | |a 323.168 |b COH |2 21 |
| 100 | 0 | |a Cohen, Robin |e author |9 324197 | |
| 245 | 1 | 0 | |a Endgame in South Africa?: the changing structures and idelogy of apartheid |
| 300 | |a 108 p | ||
| 942 | |c BK | ||
| 945 | |d 19931206 00:00:00 |a mfernand | ||
| 260 | |a Londres |b James Currey |c 1986 | ||
| 650 | 0 | |a Apartheid |9 257043 | |
| 650 | 7 | |a ESTRUCTURA SOCIAL |2 CL-VaPUC |9 324198 | |
| 650 | 0 | |a Ideologías políticas |9 255735 | |
| 650 | 7 | |a GRUPOS RACIALES |2 CL-VaPUC |9 324199 | |
| 650 | 7 | |a GRUPOS ETNICOS |2 CL-VaPUC |9 324200 | |
| 651 | 7 | |a SUDAFRICA |2 CL-VaPUC |9 261695 | |
| 583 | |a last modification |c 19931206 00:00:00 |k Rodrigo Vera | ||
| 490 | 0 | |a Books in African studies | |
| 999 | |c 227203 |d 227201 | ||
| 952 | |0 0 |1 0 |4 0 |6 323_168000000000000_COH_1986 |7 0 |8 A |9 226069 |a BIBHIS |b BIBHIS |d 2019-11-15 |i 2949520 |o 323.168 COH 1986 |p 2949520 |r 2025-01-20 |w 2019-11-15 |y BK |k HIS | ||